000 00788nam a2200241 i 4500
001 bg
100 1 _aGaca, Andrzej
_d(1951- ).
245 1 0 _aHistoria powszechna ustrojów państwowych /
_cAndrzej Gaca, Krystyna Kamińska.
260 _aToruń :
_bTNOiK - Towarzystwo Naukowe Organizacji i Kierownictwa "Dom Organizatora",
_c2002.
300 _a800 s. ;
_c25 cm.
500 _aNa okł. odwrotna kolejność aut.
504 _aBibliogr.
650 9 _aPaństwo
_xustrój
_xhistoria
700 1 _aKamińska, Krystyna
_d(1946- ).
020 _a8372850860
040 _cBPK
041 0 _apl
080 _a321
920 _a83-7285-086-0
942 _cKS
008 s pl f |000 0 pol
999 _c41639
_d41639
856 _uhttp://koha.tu.koszalin.pl/cgi-bin/koha/opac-detail.pl?biblionumber=41639
_yKatalog online BPK